01508 2200229 4500001002100000005001500021035002000036007000300056008004100059020002200100082001100122084001700133100001700150245005500167250001100222260003600233300002500269650003000294520090200324990002601226990002601252INLIS00000000001034720221031041415 a0010-0122000081ta221031 g 0 ind  a978-623-02-1388-5 a342.06 a342.06 SAR h0 aSari Adnyani1 aHukum administrasi negara /cNi Ketut Sari Adnyani aCet. 1 aYogyakarta :bdeepublish,c2020 ax, 342 hlm. ;c20 cm 4aHukum Administrasi Negara aButuh referensi yang beragam dalam menyusun hukum administrasi secara lengkap dalam sebuah buku karena persoalan hukum senantiasa menyesuaikan dengan dinamika perkembangan masyarakat, terutama kajian hukum administrasi negara senantiasa memiliki relevansi dengan kegiatan pemerintahan selalu tumbuh dan berkembang dengan dinamis serta didukung oleh elemen-elemen pendukung dalam berbagai sektor. Salah satu upaya penulis agar buku hukum administrasi tidak mudah kehilangan relevansi dengan perkembangan pemerintahan dan kemasyarakatan adalah dengan hanya menekankan pada teori-teori umum, bukan menampilkan hukum positifnya, namun di luar itu menyinggung secara garis besar tataran praktik. Cara inilah yang penulis upayakan untuk dapat memfasilitasi kebutuhan belajar mahasiswa Program Studi Ilmu Hukum, hal ini dapat menjawab persoalan kekinian yang diperlukan oleh para praktisi atau mahasiswa. a26710/MKRI-P/XII-2021 a26710/MKRI-P/XII-2021